| 000 | 00694nam a22002297a 4500 | ||
|---|---|---|---|
| 005 | 20170124105914.0 | ||
| 010 | _a696309 | ||
| 020 | _c00.00 | ||
| 035 | _a696309 | ||
| 037 | _bCen Lib/Ret | ||
| 040 |
_aDPL _bEN |
||
| 082 |
_a027.4 _bCOR |
||
| 100 |
_aCorbett,vEdmund V. _9105182 |
||
| 245 |
_aPublic library finance and accountancy / _cby Edmund V. Corbett |
||
| 260 |
_aLondon _bThe Library Association _c1962 |
||
| 270 |
_aChaucer House,Malet Place _bLondon |
||
| 300 |
_a212p. _c23cm(Hb) |
||
| 500 | _aIncludes bibliographical reference and index | ||
| 650 |
_aLibrary Science _9105183 |
||
| 650 |
_aPublic Library Finance _91731 |
||
| 942 |
_2ddc _cEN _h027.4 _mCOR |
||
| 999 |
_c122693 _d122693 |
||